000 00803nam a2200229Ia 4500
003 IN-BaIIA
008 211028s9999 xx 000 0 eng d
020 _a0-7204-0228-X
040 _cIIA Library
080 _a523.4
_bTHE
111 _aNATO Advanced Study Institute on The Moon and Planets
_cTyne, U.K.
_d1970 Apr. 9-16
_97987
245 4 _aThe Moon and planets
_bproceedings of the NATO advanced study institute, held in Tyne, U. K., April 9-16, 1970
_cedited by S. K. Runcorn and D. W. Collinson
260 _aAmsterdam
_bNorth-Holland
_c1971
300 _a285p.
650 _aAstronomy and Astrophysics Thesaurus
650 _aMoon
650 _aPlanetary systems
_9965
650 _aPlanets
_9971
700 _aCollinson, D. W., ed.
_97001
700 _aRuncorn, S. K., ed.
_94292
942 _cBK
999 _c4546
_d4546